000
00269nam a22001217a 4500
008
171024b xxu||||| |||| 00| 0 eng d
041
_a
eng
080
_2
9 DE
_a
311
100
_a
55
101
_a
STA
245
_a
ELEMENTARY STATISTICS
_c
BILMAN.A.G
942
_2
udc
_c
BK
999
_c
35804
_d
35804